[Event "FIDE World Cup 2025"]
[Site "Goa, India"]
[Date "2025.11.02"]
[Round "2.25"]
[White "Fier, Alexandr"]
[Black "Parligras, Mircea-Emilian"]
[Result "1/2-1/2"]
[TimeControl ": 90 minutes for the first 40 moves, followed by 30 minutes for the rest of the gamewith an increment of 30 seconds per move starting from move 1"]
[WhiteFideId "2107139"]
[BlackFideId "1204297"]
[WhiteElo "2577"]
[BlackElo "2510"]

1. e4 {[%clk 01:30:57]} {[%emt 00:00:03]} c5 {[%clk 01:30:50]} {[%emt
00:00:10]} 2. Nf3 {[%clk 01:31:23]} {[%emt 00:00:04]} d6 {[%clk 01:31:16]}
{[%emt 00:00:04]} 3. d4 {[%clk 01:31:49]} {[%emt 00:00:04]} cxd4 {[%clk
01:31:41]} {[%emt 00:00:05]} 4. Nxd4 {[%clk 01:32:16]} {[%emt 00:00:03]} Nf6
{[%clk 01:32:05]} {[%emt 00:00:06]} 5. Nc3 {[%clk 01:32:43]} {[%emt 00:00:03]}
a6 {[%clk 01:32:29]} {[%emt 00:00:06]} 6. Be3 {[%clk 01:33:09]} {[%emt
00:00:04]} e5 {[%clk 01:32:40]} {[%emt 00:00:19]} 7. Nf3 {[%clk 01:33:34]}
{[%emt 00:00:05]} Be7 {[%clk 01:32:04]} {[%emt 00:01:05]} 8. Bc4 {[%clk
01:33:59]} {[%emt 00:00:06]} O-O {[%clk 01:28:57]} {[%emt 00:03:37]} 9. O-O
{[%clk 01:34:22]} {[%emt 00:00:07]} Nc6 {[%clk 01:29:23]} {[%emt 00:00:04]} 10.
Re1 {[%clk 01:34:48]} {[%emt 00:00:04]} Be6 {[%clk 01:20:41]} {[%emt 00:09:12]}
11. Bf1 {[%clk 01:35:13]} {[%emt 00:00:05]} h6 {[%clk 01:06:49]} {[%emt
00:14:22]} 12. Nd5 {[%clk 01:27:45]} {[%emt 00:07:59]} Bxd5 {[%clk 01:04:38]}
{[%emt 00:02:40]} 13. exd5 {[%clk 01:28:10]} {[%emt 00:00:05]} Nb4 {[%clk
01:03:35]} {[%emt 00:01:33]} 14. c4 {[%clk 01:26:58]} {[%emt 00:01:42]} a5
{[%clk 01:04:01]} {[%emt 00:00:04]} 15. a3 {[%clk 01:22:43]} {[%emt 00:04:45]}
Na6 {[%clk 01:04:26]} {[%emt 00:00:05]} 16. Rb1 {[%clk 01:22:44]} {[%emt
00:00:30]} Nd7 {[%clk 01:01:57]} {[%emt 00:02:58]} 17. b4 {[%clk 01:22:24]}
{[%emt 00:00:51]} b6 {[%clk 01:02:21]} {[%emt 00:00:06]} 18. Nd2 {[%clk
01:04:36]} {[%emt 00:18:17]} Bg5 {[%clk 00:56:37]} {[%emt 00:06:14]} 19. Bxg5
{[%clk 00:58:34]} {[%emt 00:06:33]} Qxg5 {[%clk 00:56:23]} {[%emt 00:00:44]} 20.
c5 {[%clk 00:57:33]} {[%emt 00:01:32]} bxc5 {[%clk 00:48:01]} {[%emt 00:08:52]}
21. bxa5 {[%clk 00:57:58]} {[%emt 00:00:05]} Nc7 {[%clk 00:30:39]} {[%emt
00:17:52]} 22. Ne4 {[%clk 00:53:00]} {[%emt 00:05:27]} Qe7 {[%clk 00:25:03]}
{[%emt 00:06:06]} 23. Rb7 {[%clk 00:50:22]} {[%emt 00:03:08]} Rfc8 {[%clk
00:23:05]} {[%emt 00:02:28]} 24. Qa4 {[%clk 00:48:51]} {[%emt 00:02:01]} Nf6
{[%clk 00:18:16]} {[%emt 00:05:20]} 25. Nxf6+ {[%clk 00:44:08]} {[%emt
00:05:13]} Qxf6 {[%clk 00:18:39]} {[%emt 00:00:06]} 26. a6 {[%clk 00:42:50]}
{[%emt 00:01:48]} Nxd5 {[%clk 00:18:08]} {[%emt 00:01:00]} 27. a7 {[%clk
00:43:14]} {[%emt 00:00:07]} c4 {[%clk 00:13:56]} {[%emt 00:04:43]} 28. Bxc4
{[%clk 00:36:23]} {[%emt 00:07:21]} Qf4 {[%clk 00:13:28]} {[%emt 00:00:58]} 29.
g3 {[%clk 00:35:30]} {[%emt 00:01:23]} Qxc4 {[%clk 00:11:25]} {[%emt 00:02:33]}
30. Qxc4 {[%clk 00:35:49]} {[%emt 00:00:11]} Rxc4 {[%clk 00:11:51]} {[%emt
00:00:04]} 31. Rb8+ {[%clk 00:36:17]} {[%emt 00:00:02]} Rc8 {[%clk 00:12:14]}
{[%emt 00:00:06]} 32. Reb1 {[%clk 00:36:16]} {[%emt 00:00:32]} Kh7 {[%clk
00:08:01]} {[%emt 00:04:42]} 33. Rxc8 {[%clk 00:36:13]} {[%emt 00:00:32]} Rxc8
{[%clk 00:08:28]} {[%emt 00:00:04]} 34. Rb8 {[%clk 00:36:40]} {[%emt 00:00:04]}
Rc1+ {[%clk 00:08:53]} {[%emt 00:00:05]} 35. Kg2 {[%clk 00:37:08]} {[%emt
00:00:02]} Nc7 {[%clk 00:09:17]} {[%emt 00:00:06]} 36. Rc8 {[%clk 00:37:31]}
{[%emt 00:00:07]} Ra1 {[%clk 00:09:43]} {[%emt 00:00:04]} 37. Rxc7 {[%clk
00:37:55]} {[%emt 00:00:07]} Rxa3 {[%clk 00:10:09]} {[%emt 00:00:04]} 38. Rxf7
{[%clk 00:38:13]} {[%emt 00:00:12]} d5 {[%clk 00:09:51]} {[%emt 00:00:48]}
1/2-1/2

[Event "FIDE World Cup 2025"]
[Site "Goa, India"]
[Date "2025.11.02"]
[Round "2.26"]
[White "Blohberger, Felix"]
[Black "Lupulescu, Constantin"]
[Result "1-0"]
[TimeControl ": 90 minutes for the first 40 moves, followed by 30 minutes for the rest of the gamewith an increment of 30 seconds per move starting from move 1"]
[WhiteFideId "1632051"]
[BlackFideId "1207822"]
[WhiteElo "2513"]
[BlackElo "2577"]

1. e4 {[%clk 01:30:56]} {[%emt 00:00:03]} c5 {[%clk 01:30:56]} {[%emt
00:00:05]} 2. Nf3 {[%clk 01:31:20]} {[%emt 00:00:05]} g6 {[%clk 01:31:22]}
{[%emt 00:00:04]} 3. Bc4 {[%clk 01:25:03]} {[%emt 00:06:47]} Bg7 {[%clk
01:28:56]} {[%emt 00:02:55]} 4. O-O {[%clk 01:25:17]} {[%emt 00:00:16]} Nc6
{[%clk 01:24:14]} {[%emt 00:05:13]} 5. c3 {[%clk 01:25:04]} {[%emt 00:00:42]}
e6 {[%clk 01:24:29]} {[%emt 00:00:15]} 6. d4 {[%clk 01:20:28]} {[%emt
00:05:06]} cxd4 {[%clk 01:23:20]} {[%emt 00:01:40]} 7. Nxd4 {[%clk 01:16:50]}
{[%emt 00:04:08]} a6 {[%clk 01:08:46]} {[%emt 00:15:03]} 8. Be3 {[%clk
01:10:07]} {[%emt 00:07:13]} d5 {[%clk 00:59:12]} {[%emt 00:10:05]} 9. exd5
{[%clk 01:08:19]} {[%emt 00:02:17]} exd5 {[%clk 00:59:36]} {[%emt 00:00:07]} 10.
Nxc6 {[%clk 00:59:25]} {[%emt 00:09:24]} bxc6 {[%clk 00:59:58]} {[%emt
00:00:08]} 11. Bd3 {[%clk 00:59:50]} {[%emt 00:00:05]} Ne7 {[%clk 00:59:09]}
{[%emt 00:01:19]} 12. Bc5 {[%clk 00:59:16]} {[%emt 00:01:05]} O-O {[%clk
00:58:24]} {[%emt 00:01:14]} 13. Nd2 {[%clk 00:58:07]} {[%emt 00:01:39]} Re8
{[%clk 00:55:50]} {[%emt 00:03:04]} 14. Re1 {[%clk 00:55:18]} {[%emt 00:03:18]}
Nf5 {[%clk 00:53:31]} {[%emt 00:02:50]} 15. Qa4 {[%clk 00:50:29]} {[%emt
00:05:19]} Bd7 {[%clk 00:49:43]} {[%emt 00:04:18]} 16. Nf3 {[%clk 00:43:53]}
{[%emt 00:07:06]} Rxe1+ {[%clk 00:41:28]} {[%emt 00:08:45]} 17. Rxe1 {[%clk
00:44:15]} Qc7 {[%clk 00:41:26]} {[%emt 00:00:40]} 18. h3 {[%clk 00:34:30]}
{[%emt 00:10:14]} h6 {[%clk 00:38:43]} {[%emt 00:03:13]} 19. g4 {[%clk
00:27:16]} {[%emt 00:07:44]} Nd6 {[%clk 00:38:03]} {[%emt 00:01:11]} 20. Qf4
{[%clk 00:27:01]} {[%emt 00:00:46]} Nb5 {[%clk 00:26:56]} {[%emt 00:11:36]} 21.
Ne5 {[%clk 00:23:56]} {[%emt 00:03:35]} Be6 {[%clk 00:25:14]} {[%emt 00:02:13]}
22. a4 {[%clk 00:18:44]} {[%emt 00:05:42]} g5 {[%clk 00:24:33]} {[%emt
00:01:11]} 23. Qg3 {[%clk 00:18:21]} {[%emt 00:00:52]} Na7 {[%clk 00:19:59]}
{[%emt 00:05:05]} 24. Bc2 {[%clk 00:16:56]} {[%emt 00:01:55]} Bf8 {[%clk
00:16:04]} {[%emt 00:04:24]} 25. Qd3 {[%clk 00:13:00]} {[%emt 00:04:27]} f6
{[%clk 00:13:37]} {[%emt 00:02:57]} 26. Qg6+ {[%clk 00:06:53]} {[%emt
00:06:37]} Qg7 {[%clk 00:14:00]} {[%emt 00:00:07]} 27. Bxa7 {[%clk 00:05:33]}
{[%emt 00:01:49]} Rxa7 {[%clk 00:14:20]} {[%emt 00:00:10]} 28. Nxc6 {[%clk
00:05:52]} {[%emt 00:00:11]} Qxg6 {[%clk 00:14:08]} {[%emt 00:00:42]} 29. Bxg6
{[%emt 00:00:13]} Rg7 {[%clk 00:14:31]} 30. Rxe6 {[%clk 00:06:18]} {[%emt
00:00:28]} Rxg6 {[%clk 00:14:59]} {[%emt 00:00:02]} 31. Nd4 {[%clk 00:05:26]}
{[%emt 00:01:22]} 1-0

[Event "FIDE World Cup 2025"]
[Site "Goa, India"]
[Date "2025.11.02"]
[Round "2.28"]
[White "Aronyak, Ghosh"]
[Black "Bartel, Mateusz"]
[Result "1-0"]
[TimeControl ": 90 minutes for the first 40 moves, followed by 30 minutes for the rest of the gamewith an increment of 30 seconds per move starting from move 1"]
[WhiteFideId "25072846"]
[BlackFideId "1112635"]
[WhiteElo "2514"]
[BlackElo "2581"]

1. d4 {[%clk 01:30:56]} {[%emt 00:00:03]} Nf6 {[%clk 01:30:51]} {[%emt
00:00:08]} 2. c4 {[%clk 01:31:10]} {[%emt 00:00:17]} e6 {[%clk 01:31:18]}
{[%emt 00:00:03]} 3. Nc3 {[%clk 01:31:33]} {[%emt 00:00:08]} Bb4 {[%clk
01:31:42]} {[%emt 00:00:06]} 4. Qc2 {[%clk 01:31:58]} {[%emt 00:00:04]} d6
{[%clk 01:31:41]} {[%emt 00:00:31]} 5. e3 {[%clk 01:28:43]} {[%emt 00:03:46]}
O-O {[%clk 01:28:54]} {[%emt 00:03:16]} 6. Bd3 {[%clk 01:28:51]} {[%emt
00:00:21]} e5 {[%clk 01:27:48]} {[%emt 00:01:36]} 7. Nge2 {[%clk 01:28:36]}
{[%emt 00:00:44]} Re8 {[%clk 01:06:55]} {[%emt 00:21:24]} 8. O-O {[%clk
01:28:42]} {[%emt 00:00:24]} Bxc3 {[%clk 01:05:58]} {[%emt 00:01:28]} 9. Nxc3
{[%clk 01:26:15]} {[%emt 00:02:58]} Nc6 {[%clk 01:05:34]} {[%emt 00:00:53]} 10.
dxe5 {[%clk 01:23:37]} {[%emt 00:03:08]} Nb4 {[%clk 01:03:51]} {[%emt
00:02:13]} 11. Qb1 {[%clk 01:12:47]} {[%emt 00:11:19]} Rxe5 {[%clk 00:55:18]}
{[%emt 00:09:02]} 12. e4 {[%clk 01:10:45]} {[%emt 00:02:33]} Nxd3 {[%clk
00:47:30]} {[%emt 00:08:18]} 13. Qxd3 {[%clk 01:09:47]} {[%emt 00:01:28]} Bd7
{[%clk 00:47:15]} {[%emt 00:00:45]} 14. b3 {[%clk 00:59:38]} {[%emt 00:10:39]}
b5 {[%clk 00:39:14]} {[%emt 00:08:31]} 15. Nxb5 {[%clk 00:48:17]} {[%emt
00:11:52]} Nxe4 {[%clk 00:31:36]} {[%emt 00:08:07]} 16. Bb2 {[%clk 00:47:54]}
{[%emt 00:00:53]} Nc5 {[%clk 00:31:55]} {[%emt 00:00:10]} 17. Qd2 {[%clk
00:44:11]} {[%emt 00:04:13]} Rh5 {[%clk 00:31:23]} {[%emt 00:01:03]} 18. f3
{[%clk 00:41:42]} {[%emt 00:02:59]} Bxb5 {[%clk 00:24:17]} {[%emt 00:07:35]} 19.
cxb5 {[%clk 00:41:23]} {[%emt 00:00:49]} Qg5 {[%clk 00:24:23]} {[%emt
00:00:25]} 20. f4 {[%clk 00:35:53]} {[%emt 00:06:00]} Qd5 {[%clk 00:15:52]}
{[%emt 00:09:01]} 21. Qc3 {[%clk 00:32:10]} {[%emt 00:04:12]} f6 {[%clk
00:14:36]} {[%emt 00:01:46]} 22. Rad1 {[%clk 00:31:01]} {[%emt 00:01:39]} Qf7
{[%clk 00:14:59]} {[%emt 00:00:07]} 23. Rfe1 {[%clk 00:30:14]} {[%emt
00:01:17]} Re8 {[%clk 00:13:50]} {[%emt 00:01:40]} 24. Rxe8+ {[%clk 00:22:20]}
{[%emt 00:08:25]} Qxe8 {[%clk 00:14:11]} {[%emt 00:00:08]} 25. b4 {[%clk
00:22:34]} {[%emt 00:00:16]} Ne6 {[%clk 00:13:13]} {[%emt 00:01:26]} 26. Re1
{[%clk 00:20:19]} {[%emt 00:02:46]} Qf7 {[%clk 00:11:21]} {[%emt 00:02:22]} 27.
g4 {[%clk 00:14:33]} {[%emt 00:06:16]} Rd5 {[%clk 00:11:46]} {[%emt 00:00:05]}
28. Qc4 {[%clk 00:14:26]} {[%emt 00:00:37]} Nf8 {[%clk 00:11:54]} {[%emt
00:00:22]} 29. Bd4 {[%clk 00:14:45]} {[%emt 00:00:11]} Ng6 {[%clk 00:09:50]}
{[%emt 00:02:34]} 30. Bf2 {[%clk 00:11:16]} {[%emt 00:03:59]} h5 {[%clk
00:08:18]} {[%emt 00:02:02]} 31. h3 {[%clk 00:09:45]} {[%emt 00:02:01]} hxg4
{[%clk 00:07:00]} {[%emt 00:01:48]} 32. hxg4 {[%clk 00:10:08]} {[%emt
00:00:07]} f5 {[%clk 00:07:29]} {[%emt 00:00:02]} 33. g5 {[%clk 00:09:47]}
{[%emt 00:00:51]} Rd2 {[%clk 00:07:53]} {[%emt 00:00:05]} 34. Qxf7+ {[%clk
00:06:56]} {[%emt 00:03:22]} Kxf7 {[%clk 00:08:18]} {[%emt 00:00:05]} 35. Rc1
{[%clk 00:06:30]} {[%emt 00:00:56]} Nxf4 {[%clk 00:08:25]} {[%emt 00:00:22]} 36.
Rxc7+ {[%clk 00:06:53]} {[%emt 00:00:07]} Kg6 {[%clk 00:08:53]} {[%emt
00:00:02]} 37. Bxa7 {[%clk 00:07:03]} {[%emt 00:00:20]} Ne6 {[%clk 00:06:04]}
{[%emt 00:03:19]} 38. b6 {[%clk 00:06:41]} {[%emt 00:00:53]} Nxg5 {[%clk
00:00:42]} {[%emt 00:05:52]} 39. Kf1 {[%clk 00:04:58]} {[%emt 00:02:12]} f4
{[%clk 00:00:46]} {[%emt 00:00:26]} 40. b7 {[%clk 00:05:10]} {[%emt 00:00:19]}
Nf3 {[%clk 00:00:38]} {[%emt 00:00:37]} 41. Rc3 {[%clk 00:05:22]} {[%emt
00:00:18]} 1-0

[Event "FIDE World Cup 2025"]
[Site "Goa, India"]
[Date "2025.11.02"]
[Round "2.29"]
[White "Supi, Luis Paulo"]
[Black "Galaviz Medina, Sion Radamantys"]
[Result "1/2-1/2"]
[TimeControl ": 90 minutes for the first 40 moves, followed by 30 minutes for the rest of the gamewith an increment of 30 seconds per move starting from move 1"]
[WhiteFideId "2106388"]
[BlackFideId "5123119"]
[WhiteElo "2575"]
[BlackElo "2515"]

1. e4 {[%clk 01:30:56]} {[%emt 00:00:02]} c5 {[%clk 01:30:56]} {[%emt
00:00:05]} 2. Nf3 {[%clk 01:31:18]} {[%emt 00:00:06]} Nc6 {[%clk 01:31:20]}
{[%emt 00:00:09]} 3. d4 {[%clk 01:31:11]} {[%emt 00:00:36]} cxd4 {[%clk
01:31:44]} {[%emt 00:00:07]} 4. Nxd4 {[%clk 01:31:37]} {[%emt 00:00:03]} Nf6
{[%clk 01:31:45]} {[%emt 00:00:29]} 5. Nc3 {[%clk 01:32:01]} {[%emt 00:00:06]}
e6 {[%clk 01:32:04]} {[%emt 00:00:12]} 6. a3 {[%clk 01:27:38]} {[%emt
00:04:53]} d5 {[%clk 01:32:22]} {[%emt 00:00:11]} 7. Bb5 {[%clk 01:24:07]}
{[%emt 00:04:01]} Bd7 {[%clk 01:32:44]} {[%emt 00:00:09]} 8. exd5 {[%clk
01:23:17]} {[%emt 00:01:20]} exd5 {[%clk 01:33:08]} {[%emt 00:00:06]} 9. O-O
{[%clk 01:20:57]} {[%emt 00:02:50]} Be7 {[%clk 01:33:34]} {[%emt 00:00:05]} 10.
h3 {[%clk 01:16:03]} {[%emt 00:05:24]} O-O {[%clk 01:33:33]} {[%emt 00:00:31]}
11. Nf3 {[%clk 01:14:43]} {[%emt 00:01:49]} Be6 {[%clk 01:23:40]} {[%emt
00:10:23]} 12. Bd3 {[%clk 01:09:07]} {[%emt 00:06:05]} Nd7 {[%clk 01:09:16]}
{[%emt 00:14:54]} 13. Ne2 {[%clk 01:02:04]} {[%emt 00:07:32]} Bf6 {[%clk
00:58:06]} {[%emt 00:11:41]} 14. c3 {[%clk 01:01:09]} {[%emt 00:01:26]} Nde5
{[%clk 00:58:31]} {[%emt 00:00:05]} 15. Nxe5 {[%clk 01:00:33]} {[%emt
00:01:06]} Nxe5 {[%clk 00:58:59]} {[%emt 00:00:02]} 16. Bc2 {[%clk 00:59:42]}
{[%emt 00:01:20]} Nc4 {[%clk 00:58:46]} {[%emt 00:00:44]} 17. Rb1 {[%clk
00:49:49]} {[%emt 00:10:22]} Qb6 {[%clk 00:54:42]} {[%emt 00:04:34]} 18. Nf4
{[%clk 00:37:15]} {[%emt 00:13:04]} Rad8 {[%clk 00:51:31]} {[%emt 00:03:41]} 19.
Re1 {[%clk 00:32:00]} {[%emt 00:05:44]} g6 {[%clk 00:46:00]} {[%emt 00:06:01]}
20. Bd3 {[%clk 00:29:20]} {[%emt 00:03:09]} Rfe8 {[%clk 00:40:46]} {[%emt
00:05:46]} 21. Nxe6 {[%clk 00:28:07]} {[%emt 00:01:42]} Rxe6 {[%clk 00:41:09]}
{[%emt 00:00:07]} 22. Rxe6 {[%clk 00:27:49]} {[%emt 00:00:48]} Qxe6 {[%clk
00:41:34]} {[%emt 00:00:05]} 23. Qe2 {[%clk 00:25:29]} {[%emt 00:02:50]} Qc6
{[%clk 00:38:14]} {[%emt 00:03:50]} 24. Bf4 {[%clk 00:23:29]} {[%emt 00:02:31]}
Re8 {[%clk 00:37:59]} {[%emt 00:00:45]} 25. Qf3 {[%clk 00:22:51]} {[%emt
00:01:07]} Ne5 {[%clk 00:35:52]} {[%emt 00:02:38]} 26. Qd1 {[%clk 00:21:00]}
{[%emt 00:02:21]} Nxd3 {[%clk 00:33:39]} {[%emt 00:02:43]} 27. Qxd3 {[%clk
00:21:09]} {[%emt 00:00:20]} d4 {[%clk 00:34:04]} {[%emt 00:00:05]} 28. cxd4
{[%clk 00:20:08]} {[%emt 00:01:31]} Qe4 {[%clk 00:34:30]} {[%emt 00:00:04]} 29.
Qxe4 {[%clk 00:19:56]} {[%emt 00:00:43]} Rxe4 {[%clk 00:34:59]} {[%emt
00:00:01]} 30. Be5 {[%clk 00:19:59]} {[%emt 00:00:27]} Bxe5 {[%clk 00:35:23]}
{[%emt 00:00:06]} 31. dxe5 {[%clk 00:20:26]} {[%emt 00:00:03]} Rxe5 {[%clk
00:35:48]} {[%emt 00:00:05]} 32. Rc1 {[%clk 00:20:27]} {[%emt 00:00:28]} Re2
{[%clk 00:36:13]} {[%emt 00:00:05]} 33. b4 {[%clk 00:20:51]} {[%emt 00:00:07]}
Ra2 {[%clk 00:36:27]} {[%emt 00:00:16]} 34. Rc7 {[%clk 00:21:06]} {[%emt
00:00:15]} Ra1+ {[%clk 00:36:17]} {[%emt 00:00:40]} 35. Kh2 {[%clk 00:21:28]}
{[%emt 00:00:07]} Rxa3 {[%clk 00:36:38]} {[%emt 00:00:09]} 36. Rxb7 {[%clk
00:21:53]} {[%emt 00:00:05]} a5 {[%clk 00:37:02]} {[%emt 00:00:06]} 37. bxa5
{[%clk 00:22:16]} {[%emt 00:00:07]} Rxa5 {[%clk 00:37:27]} {[%emt 00:00:05]} 38.
Rb8+ {[%clk 00:22:40]} {[%emt 00:00:05]} Kg7 {[%clk 00:37:53]} {[%emt
00:00:04]} 1/2-1/2

[Event "FIDE World Cup 2025"]
[Site "Goa, India"]
[Date "2025.11.02"]
[Round "2.30"]
[White "Cardoso Cardoso, Jose Gabriel"]
[Black "Jobava, Baadur"]
[Result "1-0"]
[TimeControl ": 90 minutes for the first 40 moves, followed by 30 minutes for the rest of the gamewith an increment of 30 seconds per move starting from move 1"]
[WhiteFideId "4430492"]
[BlackFideId "13601520"]
[WhiteElo "2518"]
[BlackElo "2590"]

1. e4 {[%clk 01:30:54]} {[%emt 00:00:05]} c5 {[%clk 01:30:38]} {[%emt
00:00:22]} 2. Nf3 {[%clk 01:31:10]} {[%emt 00:00:14]} d6 {[%clk 01:30:58]}
{[%emt 00:00:11]} 3. d4 {[%clk 01:31:26]} {[%emt 00:00:13]} cxd4 {[%clk
01:31:20]} {[%emt 00:00:08]} 4. Nxd4 {[%clk 01:31:47]} {[%emt 00:00:09]} Nf6
{[%clk 01:31:41]} {[%emt 00:00:10]} 5. Nc3 {[%clk 01:32:08]} {[%emt 00:00:08]}
g6 {[%clk 01:31:56]} {[%emt 00:00:14]} 6. Be3 {[%clk 01:31:50]} {[%emt
00:00:48]} Nc6 {[%clk 01:32:08]} {[%emt 00:00:19]} 7. f3 {[%clk 01:31:37]}
{[%emt 00:00:42]} h5 {[%clk 01:32:28]} {[%emt 00:00:11]} 8. Bc4 {[%clk
01:31:23]} {[%emt 00:00:44]} Bd7 {[%clk 01:32:48]} {[%emt 00:00:10]} 9. Qd2
{[%clk 01:30:31]} {[%emt 00:01:22]} Nxd4 {[%clk 01:31:46]} {[%emt 00:01:31]} 10.
Qxd4 {[%clk 01:30:04]} {[%emt 00:00:57]} Bg7 {[%clk 01:32:09]} {[%emt
00:00:08]} 11. Qd3 {[%clk 01:25:26]} {[%emt 00:05:07]} O-O {[%clk 01:29:02]}
{[%emt 00:03:38]} 12. Bb3 {[%clk 01:13:48]} {[%emt 00:12:06]} Qa5 {[%clk
01:20:04]} {[%emt 00:09:29]} 13. O-O-O {[%clk 01:05:04]} {[%emt 00:09:14]} Rac8
{[%clk 01:15:05]} {[%emt 00:05:29]} 14. Kb1 {[%clk 01:01:02]} {[%emt 00:04:31]}
Be6 {[%clk 01:13:31]} {[%emt 00:02:04]} 15. Bd4 {[%clk 00:45:23]} {[%emt
00:16:09]} Bxb3 {[%clk 01:03:49]} {[%emt 00:10:13]} 16. cxb3 {[%clk 00:44:18]}
{[%emt 00:01:35]} e6 {[%clk 01:00:20]} {[%emt 00:03:59]} 17. Qb5 {[%clk
00:39:26]} {[%emt 00:05:21]} Qc7 {[%clk 00:52:21]} {[%emt 00:08:31]} 18. Qg5
{[%clk 00:26:40]} {[%emt 00:13:16]} Ne8 {[%clk 00:48:51]} {[%emt 00:04:00]} 19.
h4 {[%clk 00:25:13]} {[%emt 00:01:56]} Bxd4 {[%clk 00:38:31]} {[%emt 00:10:50]}
20. Rxd4 {[%clk 00:25:35]} {[%emt 00:00:08]} Qc5 {[%clk 00:38:48]} {[%emt
00:00:13]} 21. Qd2 {[%clk 00:23:55]} {[%emt 00:02:10]} Qe5 {[%clk 00:38:37]}
{[%emt 00:00:42]} 22. f4 {[%clk 00:17:38]} {[%emt 00:06:47]} Qf6 {[%clk
00:38:47]} {[%emt 00:00:20]} 23. g3 {[%clk 00:13:47]} {[%emt 00:04:20]} Rc6
{[%clk 00:37:36]} {[%emt 00:01:41]} 24. Rf1 {[%clk 00:08:24]} {[%emt 00:05:53]}
a6 {[%clk 00:34:28]} {[%emt 00:03:39]} 25. a3 {[%clk 00:07:20]} {[%emt
00:01:33]} Kg7 {[%clk 00:34:13]} {[%emt 00:00:45]} 26. Ka2 {[%emt 00:01:27]}
Qe7 {[%clk 00:34:10]} {[%emt 00:00:31]} 27. e5 {[%clk 00:03:36]} {[%emt
00:03:19]} d5 {[%clk 00:33:29]} {[%emt 00:01:11]} 28. g4 {[%clk 00:02:25]}
{[%emt 00:01:41]} hxg4 {[%clk 00:33:26]} {[%emt 00:00:33]} 29. h5 {[%clk
00:02:23]} {[%emt 00:00:32]} f5 {[%clk 00:28:06]} {[%emt 00:05:50]} 30. exf6+
{[%clk 00:02:39]} {[%emt 00:00:14]} Qxf6 {[%clk 00:27:57]} {[%emt 00:00:39]} 31.
hxg6 {[%clk 00:02:24]} {[%emt 00:00:45]} Qxg6 {[%clk 00:28:23]} {[%emt
00:00:05]} 32. Rg1 {[%clk 00:00:46]} {[%emt 00:02:08]} Nf6 {[%clk 00:27:59]}
{[%emt 00:00:54]} 33. Rd3 {[%clk 00:00:49]} {[%emt 00:00:27]} Rh8 {[%clk
00:24:36]} {[%emt 00:03:52]} 34. Rdg3 {[%clk 00:00:48]} {[%emt 00:00:31]} Kf7
{[%clk 00:24:49]} {[%emt 00:00:18]} 35. R3g2 {[%clk 00:00:36]} {[%emt
00:00:42]} Rh3 {[%clk 00:23:23]} {[%emt 00:01:56]} 36. Qd4 {[%clk 00:00:52]}
{[%emt 00:00:15]} Qf5 {[%clk 00:18:47]} {[%emt 00:05:06]} 37. Qa7 {[%clk
00:00:46]} {[%emt 00:00:35]} Rc7 {[%clk 00:16:42]} {[%emt 00:02:36]} 38. Qb8
{[%clk 00:00:55]} {[%emt 00:00:21]} Qxf4 {[%clk 00:13:18]} {[%emt 00:03:54]} 39.
Ne2 {[%clk 00:00:50]} {[%emt 00:00:35]} Qe5 {[%clk 00:13:04]} {[%emt 00:00:44]}
40. Rc1 {[%clk 00:00:41]} {[%emt 00:00:39]} Ne8 {[%clk 00:13:30]} {[%emt
00:00:04]} 41. Rxg4 {[%clk 00:25:11]} {[%emt 00:06:00]} Rh5 {[%clk 00:42:18]}
{[%emt 00:01:41]} 42. Rg8 {[%clk 00:19:53]} {[%emt 00:05:48]} Re7 {[%clk
00:42:02]} {[%emt 00:00:46]} 43. Rxe8 {[%clk 00:20:03]} {[%emt 00:00:20]} Qxb8
{[%clk 00:38:51]} {[%emt 00:03:41]} 44. Rxb8 {[%clk 00:20:26]} {[%emt
00:00:07]} e5 {[%clk 00:39:19]} {[%emt 00:00:02]} 45. Nc3 {[%clk 00:19:05]}
{[%emt 00:01:51]} Ke6 {[%clk 00:37:29]} {[%emt 00:02:20]} 46. Rd8 {[%clk
00:18:21]} {[%emt 00:01:13]} d4 {[%clk 00:35:27]} {[%emt 00:02:33]} 47. Ne4
{[%clk 00:17:38]} {[%emt 00:01:12]} Rh4 {[%clk 00:35:45]} {[%emt 00:00:12]} 48.
Re1 {[%clk 00:14:43]} {[%emt 00:03:25]} Rf4 {[%clk 00:34:27]} {[%emt 00:01:49]}
49. Nc5+ {[%clk 00:10:43]} {[%emt 00:04:30]} Kf5 {[%emt 00:00:57]} 50. Nd3
{[%clk 00:10:30]} {[%emt 00:00:41]} 1-0